Lubelskie - prawda czy fałsz? - Statystyki

Ogólne statystyki
  • Ten quiz został rozwiązany 128 razy
  • Średni wynik to 11 z 15
Statystyki odpowiedzi
Zagadnienie Odpowiedź % Poprawnych
Tablice rejestracyjne samochodów zaczynają się tutaj na literę F Fałsz
100%
Posiada 2 stolicę Fałsz
97%
Posiada miasto Puławy Prawda
97%
Starówka w Zamościu jest wpisana na listę światowego dziedzictwa Unesco Prawda
94%
Nie posiada miasta uzdrowiskowego Fałsz
85%
Graniczy z dwoma pańśtwami Prawda
79%
Nie posiada kluby w Ekstraklasie Fałsz
76%
Jest większe od Zachodniopomorskiego Prawda
74%
Zamojski powiat jest największy w województwie Fałsz
71%
W województwie znajduje się wysunięty najbardziej na wschód punkt Polski Prawda
71%
Posiada ponad 15 parków krajobrazowych Prawda
65%
Krzysztof Komorski to marszałek województwa Fałsz
62%
Urodził się tutaj były premier Mateusz Morawiecki Fałsz
62%
Posiada dokładnie 20 powiatów Prawda
56%
Kraśnik to najstarsze miasto województwa Prawda
24%
Nie znaleziono quizów pasujących do podanych kryteriów
Rozkład punktacji
Procent ludzi z każdym wynikiem
Percentyl według liczby udzielonych odpowiedzi
Twoja historia wyników
Nie rozwiązałeś tego quizu